000 00211nam a2200097Ia 4500
008 240331s9999 xx 000 0 und d
082 _bSUB
100 _aSubramaniyam, M.K
245 0 _aPeriyar meiyiyal
942 _cL
999 _c1508
_d1508